| 000 | 00000nam##2200000za#4500 |
| 001 | 9.684391 |
| 003 | CaOODSP |
| 005 | 20240209132641 |
| 007 | ta |
| 008 | 150407|2008||||xxc||||| f|0| 0 fre|d |
| 020 | |a978-0-662-04760-5 |
| 040 | |aCaOODSP|bfre |
| 043 | |an-cn--- |
| 086 | 1 |aIu89-4/3-3-2008F |
| 110 | 2 |aAgence de promotion économique du Canada atlantique. |
| 245 | 10|aIndustrie de l'aérospatiale et de la défense au Canada atlantique |
| 260 | |aMoncton - Nouveau-Brunswick : |bAgence de promotion économique du Canada atlantique |c[2008]. |
| 300 | |a[10]p. : |bgraphiques, tableaux, photographies ; |c28 cm. |
| 520 | 3 |aPrésente aux lecteurs les caractéristiques de diverses industries du Canada atlantique. |
| 563 | |aCouverture souple |
| 590 | |a09-04|b2009-01-23 |
| 691 | 07|aIndustrie de l'aérospatiale|2gcpds |
| 775 | 08|tAerospace and defence industry in Atlantic Canada |w(CaOODSP)9.651262 |
| 776 | 0#|tIndustrie de l'aérospatiale et de la défense au Canada atlantique |w(CaOODSP)9.635528 |
| 986 | |a2008-07 |